Serie de palabras ~ Geografía de España #1 - Estadísticas

Estadísticas generales
  • Esta prueba ha sido intentada 275 veces
    264 desde el último reinicio
  • La puntuación promedio es 6 de 10
Estadísticas de respuestas
Definición Palabra % Correcto
Río más largo del país Tajo
92%
País limítrofe con España Portugal
85%
Ciudad andaluza Sevilla
82%
Enclave español en marruecos Melilla
75%
Punto más alto de los pirineos españoles Aneto
54%
Región del Noroeste Asturias
47%
O-A Oa
47%
A-M Am
45%
O-P Op
45%
Ciudad que da nombre a una región Leon
25%
No se encontraron pruebas coincidentes
Distribución de puntuación
Porcentaje de gente con cada puntuación
Porcentaje por número respondido
Historial de tus puntuaciones
No has intentado esta prueba desde el último reinicio